000 00413nam a22001697a 4500
003 koha_MIRAKIL
005 20231213100015.0
008 231213b |||||||| |||| 00| 0 ||| d
020 _b978-6-05-370132-3
040 _aTR-IsEVY
_btur
_cTR-IsEVY
082 _a956.1015 EFE/B
100 _aEfe, Ahmet.
245 0 _aBir savaş oyunu
260 _bNar Yayınları,
_c2013
300 _a63 s.
942 _2ddc
_cBK
999 _c13015
_d13015